000 00713nam a2200241 i 4500
001 66623
003 ES-MaACL
005 20250910215443.0
007 t|
008 030606s2003 sp ||||0| spa d
020 _a84-7522-755-4
040 _aM-BN
_bspa
_cM-BN
080 _a821.134.2-31"20"
100 1 _aFolguera, María.
_951466
245 1 0 _aSin juicio /
_cMaría Folguera.
260 _aMadrid :
_bVisor Libros,
_c[2003]
300 _a158 p. ;
_c21 cm.
490 1 _aColección Visor narrativa ;
_v5
500 _aV Premio Arte Joven de Novela de la Comunidad de Madrid.
830 0 _aColección Visor narrativa
_v5
_9183032
852 _aES-MaACL
_jL-27095
_bR.132593
999 _c66623
_d66623